000 00621nam a2200205 i 4500
001 61214
003 ES-MaACL
005 20230906164412.0
007 t|
008 031111s1906 it ||||1| ita d
100 1 _aEvans, Charles Watkyns de Lacy.
_948352
245 1 0 _aCome prolungare la vita /
_cDe Lacy Evans ; tradotta ed annotada dal Ascancio Mele.
250 _a2ยช ed.
260 _aTorino :
_bFratelli Bocca,
_c[1906] (
_fTip. Torinense)
300 _a246 p. ;
_c20 cm.
650 0 4 _aLongevidad.
_914705
650 0 4 _aEnvejecimiento.
_912329
700 1 _aMele, Ascancio.
_979901
852 _aES-MaACL
_jF-6095
999 _c61214
_d61214